Statistics for מדינות העולם

Click here to take the quiz!

General Stats

  • This quiz has been taken 157 times
  • The average score is 125 of 196

Answer Stats

מְדִינָה % Correct
קנדה
94%
ישראל
92%
ארצות הברית
92%
מקסיקו
92%
רוסיה
90%
צרפת
90%
יפן
89%
סין
89%
ספרד
88%
איראן
88%
ברזיל
88%
גרמניה
87%
מצרים
86%
הודו
86%
פרו
86%
אוסטרליה
86%
סוריה
85%
איטליה
84%
ירדן
84%
טורקיה
84%
ארגנטינה
84%
עיראק
83%
פורטוגל
82%
קובה
81%
מרוקו
81%
יוון
81%
ניו זילנד
81%
צ'ילה
80%
לוב
80%
סודאן
80%
לבנון
79%
פינלנד
79%
מדגסקר
78%
אירלנד
78%
הולנד
77%
רומניה
77%
הממלכה המאוחדת
77%
תוניסיה
77%
פולין
76%
אתיופיה
76%
שוודיה
76%
בוליביה
76%
פנמה
76%
תאילנד
76%
דנמרק
76%
איסלנד
75%
מונגוליה
75%
תימן
74%
נורווגיה
74%
פקיסטן
74%
ערב הסעודית
74%
קולומביה
74%
שווייץ
73%
אינדונזיה
73%
הרפובליקה של קונגו
73%
נפאל
73%
הרפובליקה הדמוקרטית
של קונגו
73%
דרום אפריקה
72%
לאוס
71%
אורוגוואי
71%
ונצואלה
71%
אפגניסטן
71%
בולגריה
71%
הונגריה
70%
צ'אד
70%
בלגיה
70%
קפריסין
70%
בלארוס
70%
אקוודור
70%
ניגריה
69%
הפיליפינים
69%
אוסטריה
69%
אסטוניה
69%
לטביה
69%
אלג'יריה
69%
גאורגיה
69%
הונדורס
68%
סלובקיה
68%
ארמניה
68%
אוקראינה
68%
קניה
67%
קמבודיה
67%
קוריאה הדרומית
67%
בנגלדש
67%
מלזיה
66%
האיטי
66%
קרואטיה
66%
קוריאה הצפונית
66%
קוסטה ריקה
66%
מיאנמר
66%
בליז
65%
קטר
65%
גואטמלה
65%
פרגוואי
65%
צ'כיה
64%
סלובניה
64%
אלבניה
64%
סרביה
63%
מאלי
63%
סומליה
63%
בוסניה והרצגובינה
62%
מוזמביק
62%
סרי לנקה
62%
זמביה
61%
מולדובה
61%
אוזבקיסטן
61%
וייטנאם
61%
קזחסטן
60%
קריית הוותיקן
60%
טורקמניסטן
60%
מלטה
60%
ניקרגואה
59%
מונאקו
59%
ליטא
59%
חוף השנהב
59%
דרום סודאן
59%
אל סלבדור
59%
מקדוניה
58%
טאיוואן
58%
פיג'י
58%
איי בהאמה
58%
ג'מייקה
58%
פפואה גיניאה החדשה
58%
גינאה
58%
סנגל
57%
אנגולה
57%
זימבבואה
57%
עומאן
57%
קירגיזסטן
57%
גאבון
56%
אוגנדה
56%
כווית
56%
סן מרינו
56%
טנזניה
56%
דומיניקה
56%
בהוטן
56%
מונטנגרו
56%
לוקסמבורג
56%
קמרון
56%
נמיביה
55%
סורינאם
55%
קוסובו
55%
טג'יקיסטן
55%
גיאנה
54%
איחוד האמירויות הערביות
54%
טובאלו
54%
אזרבייג'ן
54%
אנדורה
54%
ליכטנשטיין
53%
לסוטו
53%
סמואה
52%
סינגפור
52%
מיקרונזיה
52%
גאנה
52%
אריתריאה
51%
בנין
51%
טוגו
51%
איי שלמה
51%
הרפובליקה הדומיניקנית
51%
קיריבטי
50%
ברבדוס
50%
ניז'ר
50%
איי מרשל
50%
נאורו
50%
גמביה
49%
בחריין
49%
פלאו
49%
טונגה
49%
רואנדה
49%
מאוריטניה
48%
טרינידד וטובגו
48%
ונואטו
48%
בוטסואנה
48%
גרנדה
47%
בורקינה פאסו
47%
ליבריה
47%
סיישל
46%
סנט קיטס ונוויס
46%
סנט וינסנט והגרנדינים
46%
סווזילנד
45%
בורונדי
45%
סיירה לאון
45%
ברוניי
45%
גינאה המשוונית
44%
סנט לוסיה
44%
האיים המלדיביים
44%
אנטיגואה וברבודה
43%
מזרח טימור
42%
ג'יבוטי
42%
גינאה ביסאו
42%
מאוריציוס
41%
קומורו
40%
סאו טומה ופרינסיפה
39%
כף ורדה
39%
מלאווי
39%
הרפובליקה המרכז אפריקאית
36%

Score Distribution

Percentile by Number Answered

Percent of People with Each Score

Your Score History

You have not taken this quiz